Normal view
MARC view
- ENCYCLOPEDIA-AQWAL-E-ZARIAN
Entry Topical Term
001 - CONTROL NUMBER
- control field: 78780
003 - CONTROL NUMBER IDENTIFIER
- control field: NUST
005 - DATE AND TIME OF LATEST TRANSACTION
- control field: 20210628210248.0
008 - FIXED-LENGTH DATA ELEMENTS
- fixed length control field: 210628|| aca||aabn | a|a d
040 ## - CATALOGING SOURCE
- Original cataloging agency: NUST
- Transcribing agency: NUST
150 ## - HEADING--TOPICAL TERM
- Topical term or geographic name entry element: ENCYCLOPEDIA-AQWAL-E-ZARIAN
670 ## - SOURCE DATA FOUND
- Source citation: Work cat.: (NUST): Nazir Anbalvi 63969, Aqwal-e-zarian ka encyclopedia, 1998
